000 00525nam a2200181Ia 4500
005 20250508152821.0
008 008 250505s9999 xx 000 0 eng d
037 _aTextual
040 _aFEDL
_beng
_cFEDL
041 _aeng
_2eng
084 _a910, MAN
_qFEDL
100 _aManley Gordon
_994950
245 0 _aGeography: Our planet, its peoples and resources
260 _aLondon, UK
_bMacdonald and Co. (Publishers) Ltd.
_c1961
300 _a360p.
942 _cTEXL
_h910, MAN
999 _c1338937
_d1338937